Imagen de tu carne : agentes, cine y política de las imágenes en la obra cinematográfica de los caliwoodenses /

Detalles Bibliográficos
Autor principal: Brogi Sánchez, Giuliana (Autor)
Formato: Electrónico eBook
Lenguaje:español
Publicado: Bogotá, Colombia : Editorial Aula de Humanidades, 2025.
Edición:Primera edición.
Colección:Colección Lenguajes (Editorial Aula de Humanidades). Serie Cine.
Materias:
Acceso en línea:Digitalia Hispánica

MARC

LEADER 00000nam a2200000Ii 4500
001 DIGAUHUM0065
003 NyNyDIG
006 m o d
007 cr |||||||||||
008 260205s2025 ck ob 001 0 spa d
035 |a (OCoLC)1573181927 
040 |a DGITA  |b eng  |e rda  |e pn  |c DGITA 
020 |a 9786287777279  |q (versión digital) 
020 |z 9786287777262  |q (versión impresa) 
043 |a s-ck--- 
050 1 4 |a PN1993.5.C7 ebook 
100 1 |a Brogi Sánchez, Giuliana,  |e author. 
245 1 0 |a Imagen de tu carne :  |b agentes, cine y política de las imágenes en la obra cinematográfica de los caliwoodenses /  |c Giuliana Brogi Sánchez. 
250 |a Primera edición. 
264 1 |a Bogotá, Colombia :  |b Editorial Aula de Humanidades,  |c 2025. 
300 |a 1 online resource. 
336 |a text  |b txt  |2 rdacontent 
337 |a computer  |b c  |2 rdamedia 
338 |a online resource  |b cr  |2 rdacarrier 
347 |a text file  |2 rdaft 
347 |b PDF 
490 1 |a Colección: Lenguajes. Serie: Cine 
504 |a Includes bibliographical references and index. 
588 0 |a Online resource; title from PDF title page (Digitalia, viewed February 5, 2026) 
650 0 |a Motion pictures  |z Colombia. 
650 0 |a Motion pictures  |x Social aspects  |z Colombia. 
650 0 |a Structuralism. 
791 2 |a Digitalia (Firm),  |e distributor. 
793 0 |g Digitalia eBook Collection:  |a Editorial Aula de Humanidades 
776 0 8 |i Print version:  |a Brogi Sánchez, Giuliana.  |t Imagen de tu carne.  |b Primera edición.  |d Bogotá, Colombia : Editorial Aula de Humanidades, 2025  |z 9786287777262 
830 0 |a Colección Lenguajes (Editorial Aula de Humanidades).  |p Serie Cine. 
856 4 0 |3 Digitalia Hispánica  |u https://www.digitaliapublishing.com/a/175611/ 
910 |a Premium collection: 2026